000
00210 a2200097 4500
001
45995
100
_a
Kardar R
245
_a
Inaugural test matches
260
_a
Karachi
_b
Asad Sons
_c
090
_c
29117
_d
29117
942
_a
NUST-CAE
_c
M
_c
21244
999
_c
281068
_d
281068